000 01201cam a2200325 4500
001 22003
003 BD-RjUL
005 20211209000745.0
008 140306s1967 lh abc b 001 0 eng d
035 _a(BD-RjUL)22068
040 _aDLC
_cDLC
_dDLC
_dBD-RjUL
_beng
041 _aeng
082 0 0 _a915.40325
_bFRN V-2 1967
100 1 _aFryer, John,
_d-1733.
_967945
245 1 2 _aA new account of East India and Persia, being nine years' travels, 1672-1681 /
_cEdited with notes and an introd. by William Crooke.
_nVoll II
260 _aNendeln ; Liechtenstein :
_bKraus Reprint,
_c1967.
300 _a371p. :
_billus. (1 fold.), maps, ports. ,
_c23 cm.
490 1 _aWorks issued by the Hakluyt Society, 2d ser., no. 19-20, 39
500 _aOn spine: Fryer's East India and Persia.
500 _aReprint of the 1909-15 ed.
504 _aBibliography: v. 3, p. 203-212. and Index
651 0 _aIndia.
_967946
651 0 _aIran.
_967947
830 0 _v2nd ser., no. 19, etc.
_967952
700 1 _aCrooke, William,
_d1848-1923,
_eed.
_923495
830 0 _aWorks issued by the Hakluyt Society ;
_967953
942 _2ddc
_cBK
999 _c22003
_d22003